Akta Dadah Berbahaya (Disemak-1980) dan Peraturan-Peraturan : (Record no. 4682)

000 -LEADER
fixed length control field nam a22 a 4500
003 - CONTROL NUMBER IDENTIFIER
control field AKMAL
005 - DATE AND TIME OF LATEST TRANSACTION
control field 20170727162830.0
008 - FIXED-LENGTH DATA ELEMENTS--GENERAL INFORMATION
fixed length control field 170727s2009 myw l 00 may d
020 ## - INTERNATIONAL STANDARD BOOK NUMBER
International Standard Book Number 9677011995
Terms of availability RM39.00
082 04 - DEWEY DECIMAL CLASSIFICATION NUMBER
Classification number 344.5950545 MAL
090 ## - LOCALLY ASSIGNED LC-TYPE CALL NUMBER (OCLC); LOCAL CALL NUMBER (RLIN)
Classification number (OCLC) (R) ; Classification number, CALL (RLIN) (NR) 344.5950545
Local cutter number (OCLC) ; Book number/undivided call number, CALL (RLIN) MAL
110 1# - MAIN ENTRY--CORPORATE NAME
Corporate name or jurisdiction name as entry element Malaysia
9 (RLIN) 400
240 1# - UNIFORM TITLE
Uniform title Akta Dadah Berbahaya (Langkah-Langkah Pencegahan Khas), 1985.
Language of a work English
245 00 - TITLE STATEMENT
Title Akta Dadah Berbahaya (Disemak-1980) dan Peraturan-Peraturan :
Remainder of title semua pindaan hingga Februari 2009 /
Statement of responsibility, etc. disusun semula oleh Penasihat Undang-Undang MDC
250 ## - EDITION STATEMENT
Edition statement second edition
260 ## - PUBLICATION, DISTRIBUTION, ETC.
Place of publication, distribution, etc. Kuala Lumpur :
Name of publisher, distributor, etc. MDC ,
Date of publication, distribution, etc. 2009
300 ## - PHYSICAL DESCRIPTION
Extent 240ms. ;
Dimensions 27cm
500 ## - GENERAL NOTE
General note Mengandungi indeks
650 ## - SUBJECT ADDED ENTRY--TOPICAL TERM
Topical term or geographic name entry element Drug abuse
General subdivision Treatment
-- Law and legislation
Geographic subdivision Malaysia
9 (RLIN) 9000
942 ## - ADDED ENTRY ELEMENTS (KOHA)
Source of classification or shelving scheme
Koha item type Book
950 ## - LOCAL HOLDINGS (RLIN)
Permanent shelving location, LOC (RLIN) AKMAL
Holdings
Withdrawn status Lost status Source of classification or shelving scheme Damaged status Not for loan Collection code Home library Current library Shelving location Date acquired Inventory number Total Checkouts Full call number Barcode Date last seen Date last checked out Price effective from Koha item type
          NON-FICTION AKMAL Melaka AKMAL Melaka PINJAMAN 27.07.2017 307128 7 344.5950545 MAL 201707651 09.05.2024 03.05.2024 27.07.2017 Book
Pusat Sumber Maklumat Dato' Haji Sarmin Md Hussin, Akademi Kastam Diraja Malaysia, Melaka
Tel: 06-2331106 | Faks: 06-2313787